[Event "Chigorin Mem. Russian Cup 2017"]
[Site "St. Petersburg"]
[Date "2017.10.21"]
[Round "1"]
[White "Sakorenko, Adriana"]
[Black "Predke, Alexandr"]
[Result "0-1"]
[WhiteElo "2127"]
[BlackElo "2601"]
[Annotator "TA"]
[PlyCount "98"]
[EventDate "2017.??.??"]
[EventType "swiss"]
[EventCountry "RUS"]
[SourceTitle "playchess.com"]
[Source "ChessBase"]
[SourceQuality "1"]

{[%evp 14,98,15,0,19,18,27,17,16,-22,-7,-21,-4,-19,-16,-21,0,-3,-7,0,7,0,24,0,12,-40,-40,-40,-40,-40,-40,-36,-37,-48,-36,-53,-40,-45,-44,-57,-48,-49,-48,-57,-48,-55,-48,-55,-41,-74,-74,-64,-77,-71,-24,-28,-6,-6,-6,-8,-8,-18,-13,-56,-56,-56,-56,-159,0,-151,-151,-417,-75,-75,-75,-101,-92,-380,-379,-1340,-1387,-1034,-622,-1400,-1376,-1081,-992]} 1. e4 g6 2. d4 Bg7 3. Nf3 d6 4. Nc3 Nd7 5. Be3 a6 6. Qd2 b5 7. a3 {B06: Modern Defence} (7. a4 b4 8. Ne2 Ngf6 9. Ng3 Ng4 10. Bf4 e5 11. Bg5 f6 12. Be3 Nxe3 13. Qxe3 O-O 14. Bc4+ Kh8 15. O-O Nb6 {0-1 (43) Darini,P (2511)-Mamedov,R (2688) Doha 2016}) 7... Bb7 8. Bd3 {LiveBook: 6 Games} e6 9. O-O {The position is equal.} c5 $146 ({Predecessor:} 9... h6 10. Ne1 Ngf6 11. h3 c5 12. dxc5 dxc5 13. e5 Nxe5 14. Bxc5 Rc8 {0-1 (38) Dudas,P (2136)-Ianov,V (2386) Aggtelek 2001}) 10. Rfe1 Ngf6 11. Bh6 Bxh6 12. Qxh6 cxd4 13. Nxd4 Qb6 14. Qe3 Ng4 15. Qe2 {[%cal Rd4b5]} Qxd4 16. Qxg4 h5 17. Qe2 h4 18. h3 Ke7 19. Qe3 ({White should play} 19. Rad1 $11) 19... Qxe3 $15 20. Rxe3 g5 21. Ne2 Rac8 22. Nd4 Rc7 23. Rd1 Nb6 24. Kf1 f6 25. c3 Bc8 26. f3 Rd8 27. Re2 e5 28. Nc2 d5 29. exd5 Nxd5 {Threatens to win with ...Nf4.} 30. Red2 Nf4 {...Rcd7 is the strong threat.} 31. Be2 Rxd2 32. Rxd2 Bb7 33. Ne3 Bc6 34. Bd1 Rd7 (34... a5 {is interesting.} 35. Nf5+ Ke8 36. Nd6+ Kf8 37. Bc2 Nd5) 35. Rxd7+ Bxd7 $11 {[%mdl 4096] Endgame KBN-KBN} 36. Bc2 Kd6 37. Be4 Be6 38. Ke1 Bb3 39. Kd2 a5 {[%cal Ba6a5,Ba5a4][%mdl 32]} 40. Bd3 (40. Bb1 $15) 40... Kc5 $2 ({Better is} 40... Nxd3 $17 41. Kxd3 a4) 41. Bf1 $2 {[#]} (41. Ng4 $11) 41... a4 $1 $17 42. Ng4 $2 {[#]} (42. Kc1 $17 {was worth a try.}) 42... Nh5 $2 (42... Bc4 $1 $19 {[%cal Rc4f1] and Black stays clearly on top.} 43. Bxc4 Kxc4) 43. Bd3 Be6 44. Nf2 f5 {[%cal Bf6f5,Bf5f4][%mdl 32]} 45. Nd1 $2 {[%mdl 8192]} (45. Bc2 $17) 45... Nf4 $19 46. Ne3 $2 (46. Nf2) 46... Nxd3 {Black is clearly winning.} 47. Kxd3 f4 48. Nd1 Bf5+ 49. Kd2 e4 {Precision: White = 24%, Black = 59%.} 0-1

[Event "Chigorin Mem. Russian Cup 2017"]
[Site "St. Petersburg"]
[Date "2017.10.21"]
[Round "1"]
[White "Paramzina, Anastasya"]
[Black "Sakaev, Konstantin"]
[Result "0-1"]
[WhiteElo "2123"]
[BlackElo "2594"]
[Annotator "TA"]
[PlyCount "144"]
[EventDate "2017.??.??"]
[EventType "swiss"]
[EventCountry "RUS"]
[SourceTitle "playchess.com"]
[Source "ChessBase"]
[SourceQuality "1"]

{[%evp 22,144,0,0,7,0,14,16,25,15,35,43,38,33,37,26,51,18,39,35,49,0,0,-24,0,-91,-57,-98,-61,-137,-106,-139,-121,-152,-134,-130,-81,-50,-74,-83,-24,-147,-174,-159,-167,-163,-162,-150,-141,-180,-175,-172,-171,-180,-170,-165,-160,-243,-166,-203,-185,-243,-186,-200,-189,-167,-169,-164,-157,-129,-91,-91,-85,-84,-85,-103,-101,-147,-147,-154,-129,-129,-129,-129,-129,-183,-183,-183,-183,-183,-185,-262,-235,-235,-235,-228,-227,-225,-228,-228,-228,-228,-221,-350,-345,-166,-166,-3191,-2973,-2395,-1466,-7075,-6540,-10853,-5127,-5746,-5435,-29983,-29984,-29984,-29985,-29990,-29991,-29991,-29990]} 1. e4 c5 2. Nf3 d6 3. d4 cxd4 4. Nxd4 Nf6 5. Nc3 a6 6. h3 e5 7. Nde2 h5 {B90: Sicilian Najdorf: Unusual White 6th moves, 6 Be3 Ng4 and 6 Be3 e5} 8. Bg5 (8. g3 Nbd7 9. Bg2 b5 10. Nd5 Nxd5 11. Qxd5 Qc7 12. Be3 Bb7 13. Qd2 Rc8 14. Nc3 Nb6 15. Bxb6 Qxb6 {½-½ (33) Nakamura,H (2792)-Vachier Lagrave,M (2791) Saint Louis 2017}) 8... Be6 9. Bxf6 Qxf6 10. Nd5 Qd8 11. Qd3 Nd7 12. Nec3 {LiveBook: 6 Games} g6 13. O-O-O Rc8 14. Kb1 Bh6 15. h4 Nc5 $146 16. Qe2 b5 17. g3 Rb8 18. a3 Kf8 19. f3 Qd7 20. Rg1 Bg7 21. Rd2 Qb7 22. Rh1 Bd7 23. Nd1 (23. b4 $11 Ne6 24. Bh3) 23... a5 24. c3 Bc6 25. Bg2 (25. N1e3 $15) 25... Bh6 26. f4 Re8 {Strongly threatening ...exf4.} 27. Re1 exf4 28. gxf4 b4 29. cxb4 axb4 30. axb4 Nb3 (30... Bxd5 $1 $17 31. bxc5 Be6 32. Rxd6 Bxf4) 31. Rd3 (31. N1c3 $1 $11 Nxd2+ 32. Qxd2) 31... Bxd5 $1 $17 32. Rxd5 Qxd5 33. exd5 Rxe2 34. Rxe2 Bxf4 35. Nc3 Kg7 36. Re7 Rb8 $1 37. b5 Be5 38. Ne4 Kf8 39. Rd7 (39. Rc7 $17) 39... Ke8 40. Ra7 Rxb5 41. Ra6 (41. Ra8+ {might work better.} Ke7 42. Ra7+ Kf8 43. Ng5) 41... Ke7 42. Ra7+ Kf8 {aiming for ...Na5.} 43. Ng5 Nc5 44. Rxf7+ Kg8 $1 45. Rf2 Nd3 46. Bf1 Rxb2+ ({Don't play} 46... Nxf2 47. Bxb5 Bf6 48. Nf3 $11) ({Don't blunder} 46... Rxd5 $2 47. Rd2 $18) 47. Rxb2 Nxb2 {[%mdl 4096] Endgame KBN-KBN} 48. Kc2 Na4 $1 49. Bd3 Kg7 50. Ne6+ Kf7 51. Ng5+ Kf6 52. Ne4+ Kg7 $1 53. Bb5 (53. Ba6 $17 {is a better defense.}) 53... Nb6 $19 54. Bc6 {[#]} Nc8 $1 55. Bd7 Ne7 56. Be6 (56. Ng5 {keeps fighting.}) 56... Nf5 57. Bxf5 gxf5 {KB-KN} 58. Ng5 Bg3 59. Nf3 Kf6 {Threatens to win with ...f4.} 60. Kd3 {[#]} Bf2 $1 61. Ke2 Ba7 62. Kd3 (62. Ng5 $142) 62... Bc5 63. Ke2 f4 64. Ng5 $2 (64. Ne1) 64... Ke5 65. Ne6 Be3 66. Kf3 Kxd5 67. Ng7 Ke5 68. Nxh5 d5 {[%cal Bd6d5,Bd5d4,Bd4d3,Bd3d2][%mdl 32]} 69. Ng7 d4 {Black mates.} 70. Ke2 Ke4 71. Ne6 d3+ 72. Ke1 d2+ {Precision: White = 42%, Black = 68%.} 0-1

[Event "Chigorin Mem. Russian Cup 2017"]
[Site "St. Petersburg"]
[Date "2017.10.21"]
[Round "1"]
[White "Zemnitskiy, Alexander"]
[Black "Savchenko, Boris"]
[Result "0-1"]
[WhiteElo "2112"]
[BlackElo "2585"]
[Annotator "TA"]
[PlyCount "132"]
[EventDate "2017.??.??"]
[EventType "swiss"]
[EventCountry "RUS"]
[SourceTitle "playchess.com"]
[Source "ChessBase"]
[SourceQuality "1"]

{[%evp 9,132,16,20,0,31,32,25,0,0,0,0,0,0,-4,40,35,35,45,58,-37,108,46,70,60,105,0,18,0,0,-14,-14,-14,-13,-11,-12,-28,-11,-31,-13,-36,0,0,0,-37,0,0,0,0,5,-212,-212,-204,-204,-204,-197,-192,-175,-152,-32,-43,-39,-53,-18,-17,-17,-22,-18,-58,-57,-53,-59,-59,-54,-54,-18,-13,-16,-45,0,0,0,0,0,0,0,0,0,0,0,0,0,0,0,-250,-242,-245,-242,-375,-343,-543,-442,-578,-565,-933,-922,-719,-771,-5216,-4678,-12844,-12844,-12845,-12845,-12846,-12845,-12845,-12846,-12846,-12847,-12850,-12850,-12850,-12849,-12850,-12850]} 1. Nf3 Nf6 2. d4 g6 3. g3 c5 4. c4 cxd4 5. Nxd4 h5 {[%cal Bh7h5,Bh5h4][%mdl 32]} 6. Bg2 {A31: Symmetrical English: 2 Nf3 Nf6 3 d4} Nc6 7. Nc3 Bg7 8. e3 $146 {White has an edge.} ({Predecessor:} 8. O-O h4 9. Nxc6 bxc6 10. e4 hxg3 11. hxg3 Qc7 12. Bf4 {½-½ (25) Timofeev,A (2677)-Savchenko,B (2655) Havana 2009}) 8... h4 9. b3 Qa5 10. Bb2 Kf8 11. Qd2 $36 {[%mdl 2048] White has some pressure.} Nxd4 12. exd4 hxg3 13. fxg3 Qf5 14. Ne2 ({White should play} 14. h3 $14) 14... Ne4 (14... Bh6 $15 {stays ahead.} 15. Nf4 Bxf4 16. Qxf4 Qxf4 17. gxf4 d5) 15. Qe3 (15. Bxe4 $1 $16 Qxe4 16. O-O) 15... Qa5+ 16. Nc3 Nf6 17. h3 (17. O-O $1 $16) 17... d5 $1 $11 18. cxd5 Rh5 $1 {[%cal Rf6d5]} 19. g4 Nxd5 20. Bxd5 Rxd5 21. O-O-O Rd6 22. Kb1 Bd7 23. Rhe1 Re8 24. d5 Kg8 25. a3 f5 26. b4 Qa6 27. gxf5 Bxf5+ 28. Ne4 $1 Rf6 29. Qd3 $2 (29. Qb3 $11 {and White stays safe.}) 29... Qxd3+ $19 30. Rxd3 Bxe4 $1 31. Rxe4 Rf1+ 32. Ka2 Rf2 33. Rb3 {[#]} Rd2 (33... Rc8 $1 $17 {[%cal Rc8c2]} 34. Rxe7 Bf6) 34. Kb1 Rxd5 35. Rg3 Rd6 36. h4 Bxb2 37. Kxb2 $11 {[%mdl 4096] Endgame KRR-KRR} Kf7 38. Re5 Rh8 39. Rf3+ Rf6 40. Rfe3 e6 41. Rc5 Rf2+ 42. Kb3 Kf6 43. Rc7 Rxh4 (43... Rb8 {keeps more tension.} 44. Rd3 a6 45. Rdd7 Rh2 46. Rf7+ Ke5) 44. Rxb7 e5 45. Rxa7 e4 46. Ra8 {Rf8+ is the strong threat.} Ke5 47. Kc3 Kf4 48. Re1 Rh3+ 49. Kc4 Rc2+ 50. Kb5 $1 {next Rf8+ is good for White.} e3 {Hoping for ...e2.} 51. a4 $2 (51. Re8 $11) 51... Rh5+ $19 52. Kb6 {[#]} Re5 $1 53. a5 (53. Rf8+ $142 Kg3 54. b5) 53... Rb2 54. a6 (54. Kc6 {is a better defense.} Rxb4 55. a6) 54... Rxb4+ {Black is clearly winning.} 55. Kc6 Ra4 56. a7 Ke4 57. Kb6 Re7 58. Rg1 e2 59. Rg4+ Ke3 60. Rxa4 e1=Q 61. Ra3+ Ke4 62. Ra4+ Ke5 {( -> ...Qf2+)} 63. Ra5+ Ke6 64. Rc8 Qb4+ 65. Rb5 Qd6+ 66. Rc6 {[#]} Qxc6+ $1 {[%mdl 512] Precision: White = 40%, Black = 61%.} 0-1

[Event "Chigorin Mem. Russian Cup 2017"]
[Site "St. Petersburg"]
[Date "2017.10.22"]
[Round "2"]
[White "Sjugirov, Sanan"]
[Black "Chen, Qi b"]
[Result "1-0"]
[WhiteElo "2650"]
[BlackElo "2345"]
[Annotator "TA"]
[PlyCount "101"]
[EventDate "2017.??.??"]
[EventType "swiss"]
[EventCountry "RUS"]
[SourceTitle "playchess.com"]
[Source "ChessBase"]
[SourceQuality "1"]

{[%evp 22,101,19,6,10,17,53,34,49,41,47,42,46,33,31,29,36,18,37,10,13,8,5,0,0,0,0,0,6,0,6,0,6,20,7,0,38,20,33,0,16,0,8,0,34,26,20,24,107,105,101,64,64,64,64,64,80,81,167,175,196,200,174,150,952,949,1226,1194,1233,1181,1417,1501,1214,1146,29990,29991,29993,29994,29994,29995,29995,29996]} 1. Nf3 Nf6 2. c4 e6 3. d4 d5 4. Nc3 c6 5. cxd5 exd5 6. Bg5 Nbd7 7. e3 Be7 8. Qc2 Nh5 9. Bxe7 Qxe7 10. O-O-O Nb6 11. Bd3 {D36: Queen's Gambit Declined: Exchange Variation: Main line (5 Bg5 c6 6 Qc2)} (11. h3 Be6 12. Kb1 Nf6 13. Bd3 O-O-O 14. Nd2 Kb8 15. Rc1 g6 16. Nb3 Nfd7 17. h4 f5 18. Ne2 Nc4 {½-½ (36) Andreikin,D (2705)-Lupulescu,C (2620) Antalya 2017}) 11... Bg4 12. Kb1 {LiveBook: 5 Games} Bxf3 13. gxf3 {The position is equal.} O-O-O 14. Rc1 Nf6 15. Qb3 Kb8 $146 ({Predecessor:} 15... Qe6 16. a4 Ne8 17. Qc2 Kb8 18. a5 {1-0 (29) Matamoros Franco,C (2467)-Valdes Romero,L (2338) Malaga 2001}) 16. a4 {[%cal Ba2a4,Ba4a5][%mdl 32]} Qc7 17. a5 Nc4 18. Bxc4 dxc4 19. Qa4 Rhe8 20. Rhg1 g6 21. f4 Nd5 22. Rg5 {Nxd5 is the strong threat.} f5 23. h4 Nf6 24. Rgg1 a6 25. Rc2 Re7 26. Rgc1 Ka8 27. Qa3 Ree8 28. Ka1 Rd7 29. Rb1 Kb8 30. Ka2 Ree7 31. Ra1 Re8 32. Kb1 c5 33. Qxc5 Qxc5 34. dxc5 Ne4 (34... Rc7 $1 $11 {remains equal.}) 35. Nxe4 $16 Rxe4 {[%mdl 4096] Endgame KRR-KRR} 36. Ra3 Rd1+ 37. Rc1 Rd2 38. f3 $36 {[%mdl 2048] White is pushing.} Re6 39. Rxc4 Rh2 (39... Re2 $16 {was called for.}) 40. Rb3 $18 Ka7 41. Rd4 {And now Rd7 would win.} Re7 42. Rbd3 Rxh4 $2 {[#]} (42... Kb8 $16) 43. Rd8 $1 Rh1+ 44. Ka2 Rc7 45. b4 Re7 46. Rf8 {Threatening mate with Rdd8.} Rh2+ 47. Kb1 {[#] White threatens Rdd8 and mate.} Re2 48. Rdd8 {[%csl Gf8][%cal Rd8a8] White mates.} b5 49. c6 {[%csl Gf8][%cal Rd8a8]} Re1+ 50. Kc2 {[%csl Gf8][%cal Rd8a8]} Re2+ 51. Kd1 {Precision: White = 55%, Black = 42%.} 1-0

[Event "Chigorin Mem. Russian Cup 2017"]
[Site "St. Petersburg"]
[Date "2017.10.22"]
[Round "2"]
[White "Sethuraman, S P"]
[Black "Askerov, Marat"]
[Result "1-0"]
[WhiteElo "2632"]
[BlackElo "2332"]
[Annotator "TA"]
[PlyCount "73"]
[EventDate "2017.??.??"]
[EventType "swiss"]
[EventCountry "RUS"]
[SourceTitle "playchess.com"]
[Source "ChessBase"]
[SourceQuality "1"]

{[%evp 14,73,32,29,83,79,88,70,81,32,29,29,30,25,37,28,41,19,31,28,54,42,70,30,38,22,28,10,17,0,0,8,0,0,0,-34,-8,-7,-26,-58,-56,-61,102,103,166,171,245,239,245,250,240,240,231,215,266,199,184,93,226,225,290,184]} 1. e4 c6 2. d4 d5 3. e5 Bf5 4. Nf3 e6 5. Be2 Ne7 6. c3 Nd7 7. O-O c5 8. dxc5 {LiveBook: 42 Games} Bxb1 {B12: Caro-Kann: Advance Variation} (8... Nxc5 $11 9. Nd4 Bg6) (8... Nxc5 9. Nd4 Bg6 10. Be3 Nc6 11. Nxc6 bxc6 12. c4 Be7 13. Nc3 dxc4 14. Qxd8+ Kxd8 15. Bxc4 Kc7 16. Rfc1 {1-0 (52) Fressinet,L (2650)-Gharamian,T (2616) Agen 2017}) 9. Rxb1 $16 Nxc5 10. Nd4 Nc6 {White is slightly better.} 11. f4 $146 ({Predecessor:} 11. Bb5 Qc7 12. c4 dxc4 13. Nxc6 bxc6 14. Qf3 Rc8 15. Bxc4 Nd7 16. Bf4 {½-½ (72) Matjushin,G (2434)-Mikhailov,S (2304) Taganrog 2016}) 11... Ne4 12. Be3 Bc5 13. Bf3 O-O 14. Qd3 Bxd4 15. cxd4 f5 16. exf6 Nxf6 17. Rfe1 Qd6 18. a3 Ne7 19. Bf2 Rac8 20. g3 {[%cal Bg2g3,Bg3g4][%mdl 32]} Qd7 21. Re5 Nf5 22. Rbe1 Rfe8 23. Qe2 {[%cal Re5e6]} Kf7 24. Bg2 g6 25. g4 $36 {[%mdl 2048] White fights for an advantage.} Nd6 26. Re3 Nfe4 27. Bg3 Qa4 $2 {[#]} (27... Rc6 $15 {stays ahead.}) 28. f5 $1 {[%cal Rf5g6][%mdl 512]} Rc2 (28... Qxd4 $16 29. Bxd6 Nxd6) (28... exf5 29. Bxd6) 29. fxg6+ hxg6 {[#]} (29... Kxg6 $142 30. Qd1 (30. Qd3 Rd2 $14) 30... Nxg3) 30. Qf1+ $1 $18 Ke7 31. Bxd6+ $1 (31. Bxe4 Nxe4 32. Qf4 Qc6 $11) 31... Kxd6 32. Bxe4 dxe4 33. Rxe4 Qc4 {and if ...Qxf1+ works, Black does fine.} 34. Qf4+ Kd7 {[#]} 35. Re5 ({White should try} 35. b4 $1 $18) 35... Qc6 {[#]} (35... Rxb2 $16 {might work better.} 36. Rc5 e5 37. Rcxe5 (37. Rxc4 exf4 38. Rxe8 Kxe8 $11) (37. Rexe5 Rb1+ 38. Kg2 Rb2+ 39. Kg3 Qd3+ 40. Qf3 Qxf3+ 41. Kxf3 Rxe5 $11) 37... Rxe5 38. Qxe5 Qf7) 36. d5 $1 {[%mdl 512]} Qb6+ (36... exd5 37. Rxe8) 37. Kh1 {Precision: White = 52%, Black = 58%.} 1-0

[Event "Chigorin Mem. Russian Cup 2017"]
[Site "St. Petersburg"]
[Date "2017.10.22"]
[Round "2"]
[White "Kokarev, Dmitry"]
[Black "Khlebovich, Alexander"]
[Result "0-1"]
[WhiteElo "2622"]
[BlackElo "2326"]
[Annotator "TA"]
[PlyCount "101"]
[EventDate "2017.??.??"]
[EventType "swiss"]
[EventCountry "RUS"]
[SourceTitle "playchess.com"]
[Source "ChessBase"]
[SourceQuality "1"]

{[%evp 20,101,53,45,66,62,98,17,25,20,20,18,23,22,33,26,36,-7,0,-2,0,15,17,0,0,0,0,-2,0,0,-7,0,0,3,11,5,0,4,4,0,0,-40,-33,-41,-41,-41,-58,-93,-95,-93,-79,-93,-88,-90,-79,-64,-15,-19,-29,-66,-31,-91,-82,-236,-226,-217,-227,-273,-172,-267,-267,-259,-244,-277,-277,-277,-266,-258,-258,-218,-218,-29980,-29981,-29980]} 1. e4 c5 2. Nf3 d6 3. d4 cxd4 4. Nxd4 Nf6 5. Nc3 a6 6. h3 g6 7. g4 Bg7 8. Bg2 O-O {B90: Sicilian Najdorf: Unusual White 6th moves, 6 Be3 Ng4 and 6 Be3 e5} 9. Be3 Bd7 10. Qd2 Nc6 11. O-O-O {LiveBook: 10 Games} Na5 $146 ({Predecessor:} 11... Rc8 12. Nde2 b5 13. Nd5 a5 14. Bb6 Qe8 15. Kb1 Rb8 16. Be3 {½-½ (33) Radjabov,T (2738)-Smirin,I (2655) Baku 2015}) 12. b3 Rc8 13. Rhe1 (13. Kb1 $16) 13... Nc6 $11 14. Nd5 Nxd5 15. exd5 Nxd4 16. Bxd4 Bxd4 17. Qxd4 Qa5 18. Qb2 Rfe8 19. Re3 Rc7 20. Kb1 Rec8 21. Be4 Rc3 22. b4 Qc7 23. Rxc3 Qxc3 24. Qxc3 Rxc3 {[%mdl 4096] Endgame KRB-KRB} 25. Bd3 a5 26. bxa5 Ra3 27. a6 bxa6 28. Kb2 Ra4 29. Kb3 a5 30. Re1 Rb4+ 31. Kc3 e5 32. dxe6 $1 Bxe6 33. a3 Rf4 34. Re4 Rxf2 35. Ra4 Rh2 36. g5 Rxh3 37. Rxa5 h5 {aiming for ...Rg3.} 38. gxh6 $1 Rxh6 39. a4 Kg7 40. Ra8 (40. Ra6 $15) 40... g5 {[%cal Bg6g5,Bg5g4,Bg4g3][%mdl 32]} 41. a5 $2 (41. Rd8 $17) 41... g4 $19 42. Rb8 {Black should prevent a6.} g3 43. Be4 {Black must now prevent a6.} d5 44. Bg2 {[#]} (44. Bf3 $142) 44... Bh3 $1 {[%cal Rh3g2]} 45. Bxd5 Bf1 46. Rb1 g2 47. Bxg2 Bxg2 48. Rg1 {[#]} Rg6 $1 49. a6 {Threatens to win with Rxg2!} Ba8 ({Inferior is} 49... Rxa6 50. Rxg2+ Kf6 51. Kd4 $11) 50. Rxg6+ $2 (50. Ra1 $19) 50... fxg6 51. Kd4 {Precision: White = 45%, Black = 72%.} 0-1

[Event "Chigorin Mem. Russian Cup 2017"]
[Site "St. Petersburg"]
[Date "2017.10.22"]
[Round "2"]
[White "Predke, Alexandr"]
[Black "Timerkhanov, Alexander"]
[Result "0-1"]
[WhiteElo "2601"]
[BlackElo "2312"]
[Annotator "TA"]
[PlyCount "72"]
[EventDate "2017.??.??"]
[EventType "swiss"]
[EventCountry "RUS"]
[SourceTitle "playchess.com"]
[Source "ChessBase"]
[SourceQuality "1"]

{[%evp 9,72,15,20,14,29,31,33,45,67,65,63,64,58,58,68,43,86,80,77,82,113,88,89,76,120,112,156,136,129,86,83,-211,-195,-193,-195,-195,-208,-204,-185,-185,-194,-224,-193,-192,-183,-210,-165,-235,-235,-236,-236,-291,-282,-291,-288,-283,-275,-287,-278,-415,-411,-436,-416,-679,-675]} 1. e4 e6 2. d4 d5 3. Nd2 {[%cal Bb1d2,Bd2e4,Be4c3][%mdl 32]} dxe4 4. Nxe4 Nd7 {[%cal Bb8d7,Bd7b6,Bb6d5][%mdl 32]} 5. g3 Ngf6 6. Nc3 {C10: French with 3 Nc3: Unusual Black 3rd moves and 3...dxe4} (6. Nxf6+ Nxf6 7. Bg2 e5 8. Nf3 exd4 9. Qxd4 Be7 10. Bf4 O-O 11. O-O-O c6 12. Rhe1 Qxd4 13. Nxd4 Bc5 14. Bg5 Bb6 15. c3 Bd7 16. Bxf6 gxf6 17. Be4 Rfd8 18. f3 Be6 19. Nxe6 fxe6 20. Rxd8+ Rxd8 21. Rd1 {½-½ (21) Duda,J (2707)-Ivanchuk,V (2728) Tbilisi 2017}) 6... Nb6 $146 ({Predecessor:} 6... c5 7. d5 exd5 8. Nxd5 Nxd5 9. Qxd5 Be7 10. Be3 O-O 11. O-O-O Qa5 12. Bd2 Qb6 13. Bg2 {0-1 (30) Kozlova,O (2216)-Winnicki,A (2036) Germany 2014}) 7. Bg2 Nbd5 8. Nf3 {White is slightly better.} c6 9. O-O Bd6 10. Re1 Nxc3 11. bxc3 O-O 12. Qd3 h6 13. a4 {[%cal Ba2a4,Ba4a5][%mdl 32]} Qc7 14. Ne5 Be7 15. Bf4 {[#] Strongly threatening Nxf7!} Bd6 16. Bd2 Be7 17. a5 Bd7 18. Qf3 Rac8 19. Bf4 Nd5 20. Ng6 $2 {[%mdl 8192] [#]} (20. Bc1 $16 {and life is bright.}) 20... fxg6 $19 21. Bxc7 Rxf3 22. Bxf3 Rxc7 ({Don't play} 22... Nxc7 23. c4 $17) 23. c4 Nf6 24. c5 a6 25. Ra3 Kf7 26. h4 Bc8 27. Bg2 Bd8 28. Bh3 (28. f4 $142) 28... g5 29. hxg5 hxg5 30. f3 Re7 31. Re5 Nh7 32. Kf2 Bc7 33. Re2 Nf6 34. c4 (34. Re1 $142) 34... Nh5 35. Rb2 Bxg3+ 36. Ke3 (36. Kf1 $142) 36... Bf4+ {Precision: White = 35%, Black = 59%.} 0-1

[Event "Chigorin Mem. Russian Cup 2017"]
[Site "St. Petersburg"]
[Date "2017.10.22"]
[Round "2"]
[White "Sakaev, Konstantin"]
[Black "Nazaretyan, Tigran"]
[Result "1-0"]
[WhiteElo "2594"]
[BlackElo "2303"]
[Annotator "TA"]
[PlyCount "89"]
[EventDate "2017.??.??"]
[EventType "swiss"]
[EventCountry "RUS"]
[SourceTitle "playchess.com"]
[Source "ChessBase"]
[SourceQuality "1"]

{[%evp 29,89,75,80,81,128,119,172,142,198,196,181,187,203,212,210,218,205,147,160,151,197,203,203,205,243,236,280,280,279,268,270,268,262,266,258,267,232,185,191,185,406,382,556,548,514,375,439,422,634,634,630,625,644,645,633,625,618,618,643,615,29986,29987]} 1. d4 Nf6 2. c4 g6 3. Nc3 Bg7 4. e4 d6 5. Be2 O-O 6. Nf3 e5 7. O-O Nc6 8. d5 Ne7 9. b4 a5 10. Ba3 Nd7 11. bxa5 Rxa5 12. Bb4 Ra8 13. a4 Nc5 14. a5 {E97: King's Indian: Classical Main Line (6...e5 7 0-0 Nc6): 8 Be3 and 8 d5 Ne7, not 9 Ne1} f5 15. Bxc5 dxc5 {LiveBook: 4 Games} 16. Nd2 {White is better.} c6 17. Nb3 {And now d6 would win.} Qd6 (17... fxe4 $16 18. Nxe4 (18. Nxc5 e3 $11) 18... Nf5) 18. Qd2 $18 Bd7 $146 {[#]} (18... Kh8 $16 19. Qe3 cxd5) ({Predecessor:} 18... f4 19. Qd1 h5 20. Na4 cxd5 21. cxd5 Kh7 {1-0 (30) Rychagov,A (2455)-Smirnov,A Kolontaevo 1997}) 19. Qe3 $1 cxd5 {...d4 is the strong threat.} 20. Qxc5 Qf6 21. cxd5 ({Much less strong is} 21. Nxd5 $6 Nxd5 22. cxd5 (22. Qxd5+ Qf7 $14) 22... fxe4 $16) 21... Rfc8 22. Qb4 Bf8 23. d6 Nc6 24. Nd5 Qe6 25. Qd2 {Black must now prevent Bc4.} Qxd6 {[#]} 26. Nb6 $1 Qxd2 27. Nxd2 Rd8 28. Nxa8 Rxa8 29. Rfb1 Ra7 30. Bc4+ Kg7 31. Bd5 Nb4 32. Nc4 Kf6 33. Rb3 b5 34. Nb6 Be8 $2 (34... Nc2 {was worth a try.}) 35. Rc3 Be7 (35... Kg7 {was called for.} 36. exf5 gxf5) 36. Rc8 Bf7 37. Bxf7 Kxf7 38. Nd5 fxe4 (38... Bd6 $142 39. Nc3 Be7 40. Nxb5 Ra6) 39. Rc7 Rxc7 40. Nxc7 {KRN-KBN} e3 41. fxe3 Bc5 42. a6 Bxe3+ 43. Kf1 Nc6 44. Nxb5 Bd4 45. Nxd4 {Precision: White = 86%, Black = 34%.} 1-0

[Event "Chigorin Mem. Russian Cup 2017"]
[Site "St. Petersburg"]
[Date "2017.10.22"]
[Round "2"]
[White "Savchenko, Boris"]
[Black "Zhai, Mo"]
[Result "0-1"]
[WhiteElo "2585"]
[BlackElo "2300"]
[Annotator "TA"]
[PlyCount "23"]
[EventDate "2017.??.??"]
[EventType "swiss"]
[EventCountry "RUS"]
[SourceTitle "playchess.com"]
[Source "ChessBase"]
[SourceQuality "1"]

{[%evp 17,23,34,25,20,33,24,25,-60]} 1. e4 e5 2. Nf3 Nf6 3. Nxe5 d6 4. Nf3 Nxe4 5. d4 d5 6. Bd3 Nd6 7. O-O Be7 8. c3 {C42: Petroff Defence: 3 Nxe5 and unusual White 3rd moves} O-O (8... Nd7 9. Re1 O-O 10. Qc2 g6 11. Bf4 Re8 12. Nbd2 Nf8 13. Rac1 c6 14. h3 Ne6 15. Bh2 Bf8 {½-½ (30) Ivanchuk,V (2729)-Kuzubov,Y (2646) Kocaeli 2017}) 9. Qc2 g6 {LiveBook: 6 Games} 10. Qb3 c6 11. Re1 Bg4 $146 ({Predecessor:} 11... Re8 12. Bf4 Nd7 13. Nbd2 Nf8 14. Nf1 Ne6 15. Bd2 Bf6 {½-½ (138) Wang,J (2365)-Zhai,M (2317) Zibo 2017}) 12. Bf4 (12. Nbd2 $11) 0-1